FINITE ELEMENT ANALYSIS WITH COMSOL (Record no. 24963)

MARC details
000 -LEADER
fixed length control field 00340nam a22001457a 4500
003 - CONTROL NUMBER IDENTIFIER
control field SGT
020 ## - INTERNATIONAL STANDARD BOOK NUMBER
International Standard Book Number 9788184876871
082 ## - DEWEY DECIMAL CLASSIFICATION NUMBER
Classification number 620,SUC
100 ## - MAIN ENTRY--PERSONAL NAME
Personal name SUCHARITPWATSKUL S.
245 ## - TITLE STATEMENT
Title FINITE ELEMENT ANALYSIS WITH COMSOL
260 ## - PUBLICATION, DISTRIBUTION, ETC. (IMPRINT)
Place of publication, distribution, etc NEW DELHI
Name of publisher, distributor, etc NAROSA PUB.HOUSE
Year of Publication 2019
300 ## - PAGE DESCRIPTION
No. of Pages 303
650 ## - SUBJECT ADDED ENTRY--TOPICAL TERM
Topical term or geographic name as entry element ENGINEERING
942 ## - ADDED ENTRY ELEMENTS (KOHA)
Source of classification or shelving scheme Dewey Decimal Classification
Koha item type Books
Holdings
Withdrawn status Lost status Source of classification or shelving scheme Damaged status Use restrictions Not for loan Collection code Home library Current library Shelving location Date acquired Vendor Name SGTU Bill Number Full call number Accession No. (Barcode) Date last seen Bill Date Koha item type
    Dewey Decimal Classification   Restricted Access   ENGINEERING SGT Engineering Library SGT Engineering Library Reference Book 04/09/2023 AHUJA BOOK COMPANY SGTU 16906 620,SUC FE8616 04/09/2023 16/06/2023 Books
    Dewey Decimal Classification       ENGINEERING SGT Engineering Library SGT Engineering Library Text Book 04/09/2023 AHUJA BOOK COMPANY SGTU 16906 620,SUC FE8617 04/09/2023 16/06/2023 Books
    Dewey Decimal Classification       ENGINEERING SGT Engineering Library SGT Engineering Library Text Book 04/09/2023 AHUJA BOOK COMPANY SGTU 16906 620,SUC FE8618 04/09/2023 16/06/2023 Books